MARC

LEADER 00000nam0a2200000 4500
001 271528
005 20231101234439.0
020 |a RU  |b 87-51577 
035 |a (RuTPU)RU\TPU\book\294710 
090 |a 271528 
100 |a 20141008d1987 k y0rusy5003 ca 
101 0 |a rus 
102 |a UA 
105 |a a z 001zy 
200 1 |a Квазиимпульсно-потенциальные оптоэлектронные элементы и устройства логико-временного типа  |f С. В. Свечников, В. П. Кожемяко, Л. И. Тимченко  |g Академия наук Украинской ССР (АН УССР), Институт полупроводников (ИП) 
210 |a Киев  |c Наукова думка  |d 1987 
215 |a 256 с.  |c ил. 
320 |a Библиогр.: с. 251-254 (82 назв.) 
606 1 |a Оптико-электронные приборы  |2 stltpush  |3 (RuTPU)RU\TPU\subj\71093  |9 85150 
610 1 |a оптоэлектронные элементы 
610 1 |a устройства 
610 1 |a информационно-измерительные средства 
610 1 |a логико-временная обработка 
610 1 |a информация 
610 1 |a квантроны 
610 1 |a информация 
610 1 |a архитектура 
610 1 |a межкаскадные связи 
610 1 |a применение 
675 |a 621.383  |z rus  |v 4 
700 1 |a Свечников  |b С. В.  |g Сергей Васильевич  |4 070 
701 1 |a Кожемяко  |b В. П.  |g Владимир Прокофьевич 
701 1 |a Тимченко  |b Л. И.  |g Леонид Иванович 
712 0 2 |a Академия наук Украинской ССР (АН УССР)  |b Институт полупроводников (ИП)  |c (Киев)  |2 stltpush  |3 (RuTPU)RU\TPU\col\12057 
801 0 |a RU  |b RuMRKP  |c 19950417  |g psbo 
801 1 |a RU  |b 63413507  |c 20141008 
801 2 |a RU  |b 63413507  |c 20170309  |g RCR 
942 |c BK